| 000 | 00668nam a22001935i 4500 | ||
|---|---|---|---|
| 001 | 170357 | ||
| 003 | ES-MaACL | ||
| 005 | 20250519172152.0 | ||
| 008 | 090226s1923 fr |||| | fre d | ||
| 080 | _a782.1 | ||
| 100 | 1 |
_aQuinault, Philippe. _9138978 |
|
| 245 | 1 | 0 |
_aArmide _b: drame héroïque en cinq actes, un prologue / _cpoème de Quinault ; musique de Gluck. |
| 260 |
_aParis : _bStock, _c1923. |
||
| 300 |
_a51 p. ; _c19 cm. |
||
| 650 | 1 | 4 |
_aÓperas- _vLibretos. _9137584 |
| 700 | 1 |
_aGluck, Christoph Willibald, _d1714-1787 _9240528 |
|
| 852 |
_aES-MaACL _j2250-F-9 _9R.141031 _z.- Biblioteca Jacinto Martínez Lacalle |
||
| 999 |
_c170357 _d170357 |
||